Measure and value (Record no. 693478)

MARC details
000 -LEADER
fixed length control field 00736nam a2200265Ia 4500
003 - CONTROL NUMBER IDENTIFIER
control field OSt
005 - DATE AND TIME OF LATEST TRANSACTION
control field 20220927105624.0
008 - FIXED-LENGTH DATA ELEMENTS--GENERAL INFORMATION
fixed length control field 220926b |||||||| |||| 00| 0 eng d
020 ## - INTERNATIONAL STANDARD BOOK NUMBER
International Standard Book Number 97811444339581
037 ## - SOURCE OF ACQUISITION
Terms of availability Reference Collections
040 ## - CATALOGING SOURCE
Original cataloging agency RTL
Transcribing agency RTL
Language of cataloging eng
041 ## - LANGUAGE CODE
Source of code eng
Language code of text/sound track or separate title eng
100 ## - MAIN ENTRY--PERSONAL NAME
Personal name Adkins Lisa
9 (RLIN) 373770
245 #0 - TITLE STATEMENT
Title Measure and value
260 ## - PUBLICATION, DISTRIBUTION, ETC.
Place of publication, distribution, etc. Malden
Name of publisher, distributor, etc. Blackwell Publishing
Date of publication, distribution, etc. 2012
300 ## - PHYSICAL DESCRIPTION
Extent 181p
Dimensions cm.
490 ## - SERIES STATEMENT
Series statement Sociological Review Monographs
700 ## - ADDED ENTRY--PERSONAL NAME
Personal name Lury Celia
9 (RLIN) 373771
942 ## - ADDED ENTRY ELEMENTS (KOHA)
Classification part "sigma b4, Q2"
Koha item type
Holdings
Withdrawn status Lost status Damaged status Not for loan Home library Current library Date acquired Total Checkouts Full call number Barcode Date last seen Price effective from Koha item type
        Ratan Tata Library Ratan Tata Library 2022-09-27   "sigma b4 Q2" RT1494042 2022-09-27 2022-09-27  
Copyright @ Delhi University Library System